Na začiatočníka dane, na zrelého prognózy. MITI - hlavný hráč v priemyselnej politike Japonska.

Cieľ priemyselnej politiky Japonska: podporovať a dopĺnať rozmiesťovanie zdrojov trhovým mechanizmom. MITI - Ministry of International Trade and Industry - plánuje a presadzuje priemyselnú a obchodnú politiku. Veľkosť ministerstva, náklady na činnosť a sieť horizontálnych a vertikálnych divízií, kto...

ver descrição completa

Na minha lista:
Detalhes bibliográficos
Autor principal: Tanikawa, H.
Formato: Capítulo de Livro
Idioma:eslovaco
Assuntos:
Tags: Adicionar Tag
Sem tags, seja o primeiro a adicionar uma tag!

MARC

LEADER 00000naa a2200000 4500
001 r011604
005 20220826094230.0
041 0 |a slo 
044 |a [CS] 
245 1 0 |a Na začiatočníka dane, na zrelého prognózy.  |b MITI - hlavný hráč v priemyselnej politike Japonska.  |c H. Tanikawa 
520 |a Cieľ priemyselnej politiky Japonska: podporovať a dopĺnať rozmiesťovanie zdrojov trhovým mechanizmom. MITI - Ministry of International Trade and Industry - plánuje a presadzuje priemyselnú a obchodnú politiku. Veľkosť ministerstva, náklady na činnosť a sieť horizontálnych a vertikálnych divízií, ktoré odvetviam slúžia, nie regulujú. Nástroje presadzovania priemyselnej politiky. Súčasná priemyselná politika Japonska ako doplnok trhového mechanizmu a ochrana ekonomickej bezpečnosti štátu. 
610 2 0 |a politika priemyselná 
610 2 0 |a Japonsko 
610 2 0 |a ministerstvá 
610 2 0 |a MITI 
610 2 0 |a prognózy 
610 2 0 |a pôžičky 
610 2 0 |a dane 
100 1 |a Tanikawa, H.